| 000 | 00368cam a22001217a 4500 | ||
|---|---|---|---|
| 008 | 180718b1998 xxu||||| |||| 00| 0 eng d | ||
| 082 | _aQ39x5442 M77R | ||
| 245 | _aRisk assessment and vulnerability analysis | ||
| 260 |
_aMumbai _bMaharashtra Emergency Earthquake Rehabilition Programme _c1998 |
||
| 300 | _a126p. | ||
| 650 | _aVulnerability | ||
| 650 | _aRisk assessment | ||
| 999 |
_c390481 _d390481 |
||